<?xml version="1.0" encoding="UTF-8"?><?xml-stylesheet type="text/xsl" href="static/style.xsl"?><OAI-PMH xmlns="http://www.openarchives.org/OAI/2.0/" xmlns:xsi="http://www.w3.org/2001/XMLSchema-instance" xsi:schemaLocation="http://www.openarchives.org/OAI/2.0/ http://www.openarchives.org/OAI/2.0/OAI-PMH.xsd"><responseDate>2026-04-13T06:35:03Z</responseDate><request verb="GetRecord" identifier="oai:www.recercat.cat:2117/393960" metadataPrefix="marc">https://recercat.cat/oai/request</request><GetRecord><record><header><identifier>oai:recercat.cat:2117/393960</identifier><datestamp>2025-07-23T05:40:56Z</datestamp><setSpec>com_2072_1033</setSpec><setSpec>col_2072_452951</setSpec></header><metadata><record xmlns="http://www.loc.gov/MARC21/slim" xmlns:dcterms="http://purl.org/dc/terms/" xmlns:xsi="http://www.w3.org/2001/XMLSchema-instance" xmlns:doc="http://www.lyncode.com/xoai" xsi:schemaLocation="http://www.loc.gov/MARC21/slim http://www.loc.gov/standards/marcxml/schema/MARC21slim.xsd">
   <leader>00925njm 22002777a 4500</leader>
   <datafield ind2=" " ind1=" " tag="042">
      <subfield code="a">dc</subfield>
   </datafield>
   <datafield ind2=" " ind1=" " tag="720">
      <subfield code="a">Restrepo Tavera, Robinson</subfield>
      <subfield code="e">author</subfield>
   </datafield>
   <datafield ind2=" " ind1=" " tag="260">
      <subfield code="c">2023-07-20</subfield>
   </datafield>
   <datafield ind2=" " ind1=" " tag="520">
      <subfield code="a">Nos situamos en uno de los antiguos secaderos dentro del recinto industrial de la Colonia Güell, donde se propone la reutilización y aprovechamiento de este edificio dentro del marco del programa de Fabricas de creación, promovido por el ajuntament de Barcelona, pero extrapolado al entorno del Baix Llobregat. Estamos delante de un edificio singular que plantea unos retos y oportunidades que deberán adaptarse a la actual crisis medio-ambiental, donde las estrategias serán fundamentales para intentar mitigar los grandes cambios que se están viviendo y apostar por un modelo sostenible. La propuesta parte desde una mirada de todo el conjunto y que busca poner en concordancia un posible plan director que coordine todas las estrategias para la recuperación del recinto industrial como un eje de referencia cultural y educativo de toda la comarca.</subfield>
   </datafield>
   <datafield tag="653" ind2=" " ind1=" ">
      <subfield code="a">Àrees temàtiques de la UPC::Arquitectura::Restauració arquitectònica</subfield>
   </datafield>
   <datafield tag="653" ind2=" " ind1=" ">
      <subfield code="a">Àrees temàtiques de la UPC::Arquitectura::Tipologies d'edificis</subfield>
   </datafield>
   <datafield tag="653" ind2=" " ind1=" ">
      <subfield code="a">Colònia Güell S.A. (Santa Coloma de Cervelló, Spain)</subfield>
   </datafield>
   <datafield tag="653" ind2=" " ind1=" ">
      <subfield code="a">Industrial buildings -- Remodeling for other use -- Spain -- Santa Coloma de Cervelló</subfield>
   </datafield>
   <datafield tag="653" ind2=" " ind1=" ">
      <subfield code="a">Dance schools -- Spain -- Santa Coloma de Cervelló</subfield>
   </datafield>
   <datafield tag="653" ind2=" " ind1=" ">
      <subfield code="a">Public spaces -- Spain -- Santa Coloma de Cervelló</subfield>
   </datafield>
   <datafield tag="653" ind2=" " ind1=" ">
      <subfield code="a">Patrimonio</subfield>
   </datafield>
   <datafield tag="653" ind2=" " ind1=" ">
      <subfield code="a">Rehabilitación</subfield>
   </datafield>
   <datafield tag="653" ind2=" " ind1=" ">
      <subfield code="a">Colonia güell</subfield>
   </datafield>
   <datafield tag="653" ind2=" " ind1=" ">
      <subfield code="a">Colònia Güell (Catalunya)</subfield>
   </datafield>
   <datafield tag="653" ind2=" " ind1=" ">
      <subfield code="a">Edificis industrials -- Reconversió -- Catalunya -- Santa Coloma de Cervelló</subfield>
   </datafield>
   <datafield tag="653" ind2=" " ind1=" ">
      <subfield code="a">Equipaments culturals -- Catalunya -- Santa Coloma de Cervelló</subfield>
   </datafield>
   <datafield tag="653" ind2=" " ind1=" ">
      <subfield code="a">Escoles de dansa -- Catalunya -- Santa Coloma de Cervelló</subfield>
   </datafield>
   <datafield tag="653" ind2=" " ind1=" ">
      <subfield code="a">Espais públics -- Catalunya -- Santa Coloma de Cervelló</subfield>
   </datafield>
   <datafield ind2="0" ind1="0" tag="245">
      <subfield code="a">Porus: adecuación y reconversión del secadero “J": fábrica de creación contemporánea de danza en el recinto industrial de la Colonia Güell</subfield>
   </datafield>
</record></metadata></record></GetRecord></OAI-PMH>